Principles of Appled Biomedical Instrumentation (Record no. 6218)

MARC details
000 -LEADER
fixed length control field 00545nam a22002057a 4500
003 - CONTROL NUMBER IDENTIFIER
control field OSt
005 - DATE AND TIME OF LATEST TRANSACTION
control field 20190814155026.0
008 - FIXED-LENGTH DATA ELEMENTS--GENERAL INFORMATION
fixed length control field 190814b ||||| |||| 00| 0 eng d
020 ## - INTERNATIONAL STANDARD BOOK NUMBER
International Standard Book Number 9780471608998
040 ## - CATALOGING SOURCE
Transcribing agency DNM
082 ## - DEWEY DECIMAL CLASSIFICATION NUMBER
Classification number QT34 G327P 1989
100 ## - MAIN ENTRY--PERSONAL NAME
Personal name Geddes, L.A. ; Baker, L.E
9 (RLIN) 12799
245 ## - TITLE STATEMENT
Title Principles of Appled Biomedical Instrumentation
250 ## - EDITION STATEMENT
Edition statement 3rd ed.
260 ## - PUBLICATION, DISTRIBUTION, ETC. (IMPRINT)
Place of publication, distribution, etc. New York; John Wiley, 1989
300 ## - PHYSICAL DESCRIPTION
Extent xxvi,961p;ill: 24cm
504 ## - BIBLIOGRAPHY, ETC. NOTE
Bibliography, etc Reference, & included
650 ## - SUBJECT ADDED ENTRY--TOPICAL TERM
Topical term or geographic name as entry element Biomedical
9 (RLIN) 12800
942 ## - ADDED ENTRY ELEMENTS (KOHA)
Source of classification or shelving scheme Other/Generic Classification Scheme
Koha item type Book
Holdings
Withdrawn status Lost status Source of classification or shelving scheme Damaged status Not for loan Home library Current library Date acquired Inventory number Total Checkouts Full call number Barcode Date last seen Koha item type
    Other/Generic Classification Scheme     Main Kihumuro Campus Main Kihumuro Campus 14/08/2019 19/41054   QT34 G327P 1989 2019-0072 14/08/2019 Book
    Other/Generic Classification Scheme     Main Kihumuro Campus Main Kihumuro Campus 14/08/2019 19/41055   QT34 G327P 1989 2019-0073 14/08/2019 Book
    Other/Generic Classification Scheme     Main Kihumuro Campus Main Kihumuro Campus 14/08/2019 19/41056   QT34 G327P 1989 2019-0074 14/08/2019 Book
    Other/Generic Classification Scheme     Main Kihumuro Campus Main Kihumuro Campus 14/08/2019 19/41057   QT34 G327P 1989 2019-0075 14/08/2019 Book